Notes from underground, white Nights , the dream of a rediculous man , and selections from the house of the dead / (Registro nro. 34940)
[ vista simple ]
| 000 -CABECERA | |
|---|---|
| campo de control de longitud fija | 00730nam a2200169 a 4500 |
| 001 - NÚMERO DE CONTROL | |
| campo de control | 000035449 |
| 005 - FECHA Y HORA DE LA ÚLTIMA TRANSACCIÓN | |
| campo de control | 20200930074342.0 |
| 008 - DATOS DE LONGITUD FIJA--INFORMACIÓN GENERAL | |
| campo de control de longitud fija | 111031s1961 xxu 000 0 eng d |
| 040 ## - FUENTE DE LA CATALOGACIÓN | |
| Centro catalogador/agencia de origen | DO-SdBNP |
| Lengua de catalogación | spa |
| Centro/agencia transcriptor | BNPHU |
| 082 ## - NÚMERO DE LA CLASIFICACIÓN DECIMAL DEWEY | |
| Número de clasificación | xxxx |
| Número de documento/Ítem | M114d |
| 100 1# - ENTRADA PRINCIPAL--NOMBRE DE PERSONA | |
| Nombre de persona | Dostoyevsky, Fyodor, |
| Fechas asociadas al nombre | 1821-1881. |
| 9 (RLIN) | 19889 |
| 245 10 - MENCIÓN DE TÍTULO | |
| Título | Notes from underground, white Nights , the dream of a rediculous man , and selections from the house of the dead / |
| Mención de responsabilidad, etc. | Dostoyevsky ; a new translation with an afterword by Andrew R. MacAndrew. |
| 260 ## - PUBLICACIÓN, DISTRIBUCIÓN, ETC. | |
| Lugar de publicación, distribución, etc. | New York, : |
| Nombre del editor, distribuidor, etc. | The New American Library, |
| Fecha de publicación, distribución, etc. | 1961. |
| 700 12 - PUNTO DE ACCESO ADICIONAL--NOMBRE DE PERSONA | |
| Nombre de persona | Dostoyevsky, Fyodor |
| Título de la obra | white Nights |
| 9 (RLIN) | 61289 |
| 700 12 - PUNTO DE ACCESO ADICIONAL--NOMBRE DE PERSONA | |
| Nombre de persona | Dostoyevsky, Fyodor |
| Título de la obra | the dream of a rediculous man |
| 9 (RLIN) | 61290 |
| 700 12 - PUNTO DE ACCESO ADICIONAL--NOMBRE DE PERSONA | |
| Nombre de persona | MacAndrew, Andrew R. |
| Fechas asociadas al nombre | 1911- |
| 9 (RLIN) | 61291 |
| Estado de retiro | Estado de pérdida | Restricciones de uso | No para préstamo | Código de colección | Localización permanente | Ubicación/localización actual | Ubicación en estantería | Fecha de adquisición | Número de inventario | Total de préstamos | Signatura topográfica completa | Código de barras | Fecha visto por última vez | Precio válido a partir de | Tipo de ítem Koha | Nota pública |
|---|---|---|---|---|---|---|---|---|---|---|---|---|---|---|---|---|
| Excluido de préstamo | Monografías: Libros y Folletos | General | General | En catalogación | 31.10.2011 | LF1 | xxxx M114d | 35449-10 | 25.06.2020 | 25.06.2020 | No se presta | Perteneció a la biblioteca personal de Juan Isidro Jimenes Grullón |
